Journal of Corporate Accounting & Finance

Detalles Bibliográficos
Formato: eBook
Lenguaje:inglés
Publicado: Hoboken: Wiley, 1989 -
Materias:
Acceso en línea:Acceso restringido

MARC

LEADER 00000nam a22000007a 4500
005 20210325231146.0
007 cr|||| ||||
008 210325c19899999us n|w s|||| 0|||b1eng d
022 |a 1044-8136 
035 |a 32891 
040 |a vLex 
090 |c 11376  |d 11376 
245 0 0 |a Journal of Corporate Accounting & Finance  |h [Recurso electrn̤ico] / 
256 |a Servicio en ln̕ea 
260 |a Hoboken:  |b Wiley,  |c 1989 - 
300 |a 1 recurso electrn̤ico 
310 |a Irregular 
362 |a Nð 1-1 (Sep. 1989) - 
506 1 |a Disponible solo en los productos indicados  |d vLex Global  |d vLex Global (Academic Edition, excluding Law Schools)  |d vLex Global (Academic Edition, Law Schools) 
650 0 4 |a Derecho Mercantil y de la Empresa  |z Estados Unidos 
740 0 |a vLex Revistas (Servicio en ln̕ea) 
856 4 0 |u https://vlex.com/source/32891  |z Acceso restringido 
942 |c REV 
999 0 |a Commercial and Company Law